Statistics for Brawl Stars: In Order

Click here to take the quiz!

General Stats

  • This quiz has been taken 20 times
  • The average score is 12 of 34

Answer Stats

DateOther FeatureAnswer% Correct
June 16, 2021Jurassic Splash SeasonBuzz
64%
April 7, 2021Goldarm Gang SeasonBelle
57%
January 27, 2021Starr Force Brawl PassColonel Ruffs
50%
May 13, 2020Brawl PassGale
50%
June 16, 2021Soccer Skins GaloreGriff
50%
November 11, 2020Snowtel EnvironmentLou
50%
July 3, 2017Player IconsPiper
50%
October 22, 2020Map MakerAmber
43%
May 21, 2019Retropolis EnvironmentBibi
43%
September 10, 2020Starr Park Brawl PassColette
43%
December 15, 2020Animated PinsByron
36%
December 15, 2020Return of Present PlunderEdgar
36%
October 23, 2019Graveyard ShiftEmz
36%
September 4, 2017Brawl BallPam
36%
April 7, 2021*KnockoutSqueak
36%
July 2, 2020Second GadgetsSurge
36%
August 29, 2019Ranks Up To 358-Bit
29%
December 18, 2019Present PlunderBea
29%
February 27, 2019SiegeCarl
29%
December 7, 2017Star PowersDarryl
29%
May 12, 2018Heist RemodelFrank
29%
January 29, 2019First Lunar New Year EventGene
29%
March 17, 2020GadgetsJacky
29%
December 5, 20183-D GameplayLeon
29%
December 18, 2019Darryl's Ship EnvironmentMax
29%
January 23, 2020Hot ZoneMr. P
29%
May 13, 2020*PinsNani
29%
May 12, 2018Duo ShowdownPenny
29%
April 15, 2019Minecarts & Jump PadsRosa
29%
September 18, 2019Lone Star & TakedownSandy
29%
March 17, 2020*PSG CupSprout
29%
March 15, 2021Power LeagueStu
29%
September 4, 2017Super Rare & Mythic RaritiesTara
29%
June 26, 2019Second Star PowersTick
29%

Score Distribution

Percentile by Number Answered

Percent of People with Each Score

Your Score History

You have not taken this quiz